<?xml version="1.0" encoding="UTF-8"?>
<record
    xmlns:xsi="http://www.w3.org/2001/XMLSchema-instance"
    xsi:schemaLocation="http://www.loc.gov/MARC21/slim http://www.loc.gov/standards/marcxml/schema/MARC21slim.xsd"
    xmlns="http://www.loc.gov/MARC21/slim">

  <leader>01446na  a2200337   4500</leader>
  <controlfield tag="001">24244</controlfield>
  <controlfield tag="003">MIRAKIL</controlfield>
  <controlfield tag="005">20181213154950.0</controlfield>
  <controlfield tag="008">180829b        tu            000 0      </controlfield>
  <datafield tag="020" ind1=" " ind2=" ">
    <subfield code="a">9786053320661</subfield>
  </datafield>
  <datafield tag="040" ind1=" " ind2=" ">
    <subfield code="a">Milas</subfield>
    <subfield code="b">tur</subfield>
    <subfield code="c">TR-AnCHP</subfield>
  </datafield>
  <datafield tag="041" ind1=" " ind2=" ">
    <subfield code="a">tur</subfield>
  </datafield>
  <datafield tag="082" ind1=" " ind2=" ">
    <subfield code="a">956.101543</subfield>
    <subfield code="b">T82y 2014</subfield>
  </datafield>
  <datafield tag="090" ind1=" " ind2=" ">
    <subfield code="a">956.101543 T82y 2014</subfield>
  </datafield>
  <datafield tag="100" ind1=" " ind2=" ">
    <subfield code="a">Tufan, Mesut Ya&#x15F;ar</subfield>
  </datafield>
  <datafield tag="245" ind1=" " ind2=" ">
    <subfield code="a">Y&#xFC;z y&#x131;l sonra balkan sava&#x15F;lar&#x131;</subfield>
    <subfield code="b">Ne ? Nas&#x131;l ? Neden ?</subfield>
    <subfield code="b">Taraflar&#x131;n g&#xF6;z&#xFC;yle b&#xFC;y&#xFC;k yenilginin ele&#x15F;tirisi</subfield>
    <subfield code="c">Mesut Ya&#x15F;ar Tufan, &#x130;zzeddin &#xC7;al&#x131;&#x15F;lar</subfield>
  </datafield>
  <datafield tag="246" ind1=" " ind2=" ">
    <subfield code="a">Taraflar&#x131;n g&#xF6;z&#xFC;yle b&#xFC;y&#xFC;k yenilginin ele&#x15F;tirisi</subfield>
  </datafield>
  <datafield tag="246" ind1=" " ind2=" ">
    <subfield code="a">Ne ? Nas&#x131;l ? Neden ?</subfield>
  </datafield>
  <datafield tag="260" ind1=" " ind2=" ">
    <subfield code="a">&#x130;stanbul</subfield>
    <subfield code="b">T&#xFC;rkiye &#x130;&#x15F; Bankas&#x131; K&#xFC;lt&#xFC;r Yay&#x131;nlar&#x131;</subfield>
    <subfield code="c">2014</subfield>
    <subfield code="f">Golden Medya Matbaac&#x131;l&#x131;k</subfield>
  </datafield>
  <datafield tag="300" ind1=" " ind2=" ">
    <subfield code="a">Vii, 88 s.</subfield>
    <subfield code="b">fot&#x11F;. , hrt.</subfield>
    <subfield code="c">27 sm.</subfield>
  </datafield>
  <datafield tag="440" ind1=" " ind2=" ">
    <subfield code="a">&#x130;&#x15F; Bankas&#x131; K&#xFC;lt&#xFC;r Yay&#x131;nlar&#x131;</subfield>
    <subfield code="v">genel yay&#x131;n: 2952</subfield>
  </datafield>
  <datafield tag="500" ind1=" " ind2=" ">
    <subfield code="a">Y&#xFC;zba&#x15F;&#x131; &#x130;zzettin (&#xC7;al&#x131;&#x15F;lar), Zeki Pa&#x15F;a (Kola&#xE7;), Lectures Pour Tous, Yarbay Mustafa Kemal (Atat&#xFC;rk), Lev Tro&#xE7;ki, Y&#xFC;zba&#x15F;&#x131; Ey&#xFC;p (Durukan), Pierre Loti ve &#x130;lyas Petropulos'un yazd&#x131;klar&#x131;ndan derleyerek yay&#x131;na haz&#x131;rlanm&#x131;&#x15F;t&#x131;r.</subfield>
  </datafield>
  <datafield tag="504" ind1=" " ind2=" ">
    <subfield code="a">Dizin var.</subfield>
  </datafield>
  <datafield tag="650" ind1=" " ind2=" ">
    <subfield code="a">Balkan Sava&#x15F;lar&#x131;</subfield>
    <subfield code="y">1912-1913</subfield>
  </datafield>
  <datafield tag="650" ind1=" " ind2=" ">
    <subfield code="a">Tarih</subfield>
    <subfield code="x">T&#xFC;rkiye</subfield>
  </datafield>
  <datafield tag="700" ind1=" " ind2=" ">
    <subfield code="a">&#xC7;al&#x131;&#x15F;lar, &#x130;zzeddin</subfield>
  </datafield>
  <datafield tag="700" ind1=" " ind2=" ">
    <subfield code="a">Tufan, Mesut Ya&#x15F;ar</subfield>
  </datafield>
  <datafield tag="740" ind1=" " ind2=" ">
    <subfield code="a">Taraflar&#x131;n g&#xF6;z&#xFC;yle b&#xFC;y&#xFC;k yenilginin ele&#x15F;tirisi</subfield>
  </datafield>
  <datafield tag="740" ind1=" " ind2=" ">
    <subfield code="a">Ne ? Nas&#x131;l ? Neden ?</subfield>
  </datafield>
  <datafield tag="942" ind1=" " ind2=" ">
    <subfield code="2">dcc</subfield>
    <subfield code="c">BKS</subfield>
  </datafield>
  <datafield tag="952" ind1=" " ind2=" ">
    <subfield code="a">0001</subfield>
    <subfield code="b">0001</subfield>
    <subfield code="d">2018-08-29</subfield>
    <subfield code="e">2</subfield>
    <subfield code="l">0</subfield>
    <subfield code="o">956.101543 T82y 2014</subfield>
    <subfield code="p">018336</subfield>
    <subfield code="r">2018-08-29 00:00:00</subfield>
    <subfield code="v">0.00</subfield>
    <subfield code="w">2018-08-29</subfield>
    <subfield code="y">BKS</subfield>
  </datafield>
  <datafield tag="999" ind1=" " ind2=" ">
    <subfield code="c">4013</subfield>
    <subfield code="d">4013</subfield>
  </datafield>
</record>
